=LDR 00000nam 2200000 4500 =001 INLIS000000000005515 =005 20200316102431 =035 ##$$a 0010-061300000005515 =008 200316################g##########0#ind## =041 ##$$a Ind =082 ##$$a 220.9 =090 ##$$a 220.9, Bur i =100 1#$$a Burrongks, P.E =245 1#$$a Ikhtisar sejarah Alkitab, /$c P.E. Burrongks; Penerjemah, Linda Gani =260 ##$$a Jakarta :$b Lembaga Literatur Baptis,$c 1979 =300 ##$$a 91 hlm, ; $c 14 x 20 cm =650 #4$$a Alkitab, sejarah =650 #4$$a Sejarah =850 ##$$a NBPNMAT =084 ##$$a 220.9 BUR i =250 ##$$a Ed.3 =990 ##$$a DW00021965 =990 ##$$a DW00021966 =990 ##$$a DW00021965 =990 ##$$a DW00021966 =990 ##$$a DW00021966 =990 ##$$a DW00021965 =990 ##$$a 102. 792/Pro- 96 =990 ##$$a DW00021965